Legislación de familia./ (Registro nro. 8128)

Detalles MARC
000 -LEADER
fixed length control field 01054nam a2200193Ia 4500
005 - FECHA Y HORA DE LA ÚLTIMA TRANSACCIÓN
control field 20250704140452.0
008 - FIXED-LENGTH DATA ELEMENTS--GENERAL INFORMATION
fixed length control field 230506s9999 xx 000 0 und d
040 ## - CATALOGING SOURCE
Original cataloging agency UPAN
Transcribing agency Biblioteca San Vicente
Description conventions RCAA2
041 ## - LANGUAGE CODE
Language code of text/sound track or separate title spa
082 ## - DEWEY DECIMAL CLASSIFICATION NUMBER
Classification number 346.01
Item number C678l
año de publicación 2006
110 ## - MAIN ENTRY--CORPORATE NAME
Corporate name or jurisdiction name as entry element Corte Suprema de Justicia
245 #0 - TITLE STATEMENT
Title Legislación de familia./
Remainder of title Corte Suprema de Justicia
250 ## - EDITION STATEMENT
Edition statement 1° ed.
260 ## - PUBLICATION, DISTRIBUTION, ETC. (IMPRINT)
Place of publication, distribution, etc El Salvador:
Name of publisher, distributor, etc Corte Suprema de Justicia,
Date of publication, distribution, etc 2006
300 ## - PHYSICAL DESCRIPTION
Extent 293 p.:
Dimensions 24 cm.
505 ## - FORMATTED CONTENTS NOTE
Formatted contents note Còdigo de familia<br/>Ley procesal de familia<br/>Ley del nombre de la persona natural<br/>Ley contra la violencia intrafamiliar<br/>Ley transitoria del registro del estado familiar y de los regìmenes patrimoniales del matrimonio<br/>Ley òrganica del registro nacional de las personas naturales<br/>Ley del Instituto Salvadoreño para el Desarrollo de la Mujer<br/>Reglamento de la ley òrganica del registro nacional de las personas naturales<br/>Reglamento de la ley del Instituto Salvadoreño para el Desarrollo de la Mujer
650 ## - SUBJECT ADDED ENTRY--TOPICAL TERM
Source of heading or term LEMB
Topical term or geographic name as entry element Legislaciòn
942 ## - ADDED ENTRY ELEMENTS (KOHA)
Koha item type Libros
Source of classification or shelving scheme Dewey Decimal Classification
Existencias
Withdrawn status Lost status Source of classification or shelving scheme Damaged status Not for loan Collection code Home library Current library Date acquired Total Checkouts Full call number Barcode Date last seen Copy number Price effective from Koha item type
    Dewey Decimal Classification     Colección General Biblioteca UPAN San Vicente Biblioteca UPAN San Vicente 06/05/2023   346.01 C678l 12000807 06/05/2023 01 06/05/2023 Libros
    Dewey Decimal Classification     Colección General Biblioteca UPAN San Vicente Biblioteca UPAN San Vicente 06/05/2023   346.01 C678l 12000808 15/05/2023 02 06/05/2023 Libros